000 01131nam a2200241Ii 4500
003 JO-AjNU
005 20240630092319.0
008 230605s9999||||xx |||||||||||||| ||und||
040 _aJO-AjNU
_bara
_erda
_cJO-AjNU
041 _aara
050 1 4 _aK5101.A226.2009
100 1 _aظاهر، طالب ابراهيم
_eمعد
_965873
245 0 0 _aالقناعة الوجدانية للقاصي الجزائي : دراسة مقارنة بين أصول المحاكمات الجزائية
_cاعداد طالب ابراهيم ظاهر؛ اشراف علي جبار صالح
264 3 1 _a 2009
300 _a177 ورقة
336 _atext
_btxt
_2rdacontent
337 _aunmediated
_bn
_2rdamedia
338 _avolume
_bnc
_2rdacarrier
500 _aرسالة جامعية (ماجستير في القانون العام )--جامعة جدارا، 2009، يشتمل على مراجع ببلوغرافية ص(166-172)
650 4 _aالأحكام الجنائية -- الأردن -- قانون الإجراءات الجنائية -- الأردن
_945941
700 1 _aصالح، علي جبار
_eمشرف
_965875
942 _2lcc
_cTHS
999 _c23518
_d23518